000 00646nam a2200205 i 4500
001 9691
003 ES-MaACL
005 20230906145733.0
007 t|
008 931126s1993 sp ||||1| spa d
080 _a248.153.8(461.11):016
080 _a016:248.153.8(461.11)
110 2 _aBiblioteca Municipal de Estudios Locales (La Coruña)
_92182
245 1 3 _aEl Camino de Santiago
_b: guía de lectura.
260 _aLa Coruña :
_bBiblioteca Municipal de Estudios Locales,
_c1993.
300 _a49 h. ;
_c30 cm.
650 4 _aCamino de Santiago-
_vBibliografías.
_9195971
852 _aES-MaACL
_jL-17160
_bR.121328
999 _c9691
_d9691